Technical education and industrial development in the Madras Presidency / (Record no. 891772)

MARC details
000 -LEADER
fixed length control field 00951nam a2200301 a 4500
001 - CONTROL NUMBER
control field vtls001439081
003 - CONTROL NUMBER IDENTIFIER
control field NLI
005 - DATE AND TIME OF LATEST TRANSACTION
control field 20210627122022.0
008 - FIXED-LENGTH DATA ELEMENTS--GENERAL INFORMATION
fixed length control field 121130s1992 ii 000 0 eng
039 #9 - LEVEL OF BIBLIOGRAPHIC CONTROL AND CODING DETAIL [OBSOLETE]
-- 201211301646
-- VLOAD
040 ## - CATALOGING SOURCE
Original cataloging agency NLI
Language of cataloging eng
Transcribing agency Datasoft_GENG
Description conventions AACR2
041 0# - LANGUAGE CODE
Language code of text/sound track or separate title eng
044 ## - COUNTRY OF PUBLISHING/PRODUCING ENTITY CODE
MARC country code ii
082 04 - DEWEY DECIMAL CLASSIFICATION NUMBER
Classification number 338.95482
100 0# - MAIN ENTRY--PERSONAL NAME
Personal name Padmini Swaminathan
9 (RLIN) 1003599
245 10 - TITLE STATEMENT
Title Technical education and industrial development in the Madras Presidency /
Statement of responsibility, etc. by Padmini Swaminathan
260 ## - PUBLICATION, DISTRIBUTION, ETC.
Place of publication, distribution, etc. Madras :
Name of publisher, distributor, etc. Madras Institute of Development Studies,
Date of publication, distribution, etc. 1992
300 ## - PHYSICAL DESCRIPTION
Extent 85 p. ;
Dimensions 28 cm.
440 #0 - SERIES STATEMENT/ADDED ENTRY--TITLE
Title Working paper ;
Volume/sequential designation 106
9 (RLIN) 682433
650 #0 - SUBJECT ADDED ENTRY--TOPICAL TERM
Topical term or geographic name entry element Technical education
Geographic subdivision India
-- Madras
9 (RLIN) 898904
650 #0 - SUBJECT ADDED ENTRY--TOPICAL TERM
Topical term or geographic name entry element Industries
Geographic subdivision India
-- Madras
9 (RLIN) 889072
887 ## - NON-MARC INFORMATION FIELD
Content of non-MARC field
901 ## - LOCAL DATA ELEMENT A, LDA (RLIN)
a DB622778
b 31.08.1992
902 ## - LOCAL DATA ELEMENT B, LDB (RLIN)
a E/O 338.95482 P 136
904 ## - LOCAL DATA ELEMENT D, LDD (RLIN)
l 2563
949 ## - LOCAL PROCESSING INFORMATION (OCLC)
-- VIRTUAITEM
-- 10000
-- 100
6 DBA000622778ENG
942 ## - ADDED ENTRY ELEMENTS (KOHA)
Source of classification or shelving scheme Dewey Decimal Classification
Koha item type Books
Holdings
Withdrawn status Lost status Damaged status Not for loan Collection code Home library Current library Shelving location Date acquired Total Checkouts Full call number Barcode Date last seen Price effective from Koha item type
        New English Oversized National Library of India National Library of India New English Oversized - Main Stack Division     E/O 338.95482 P 136 DBA000622778ENG 27/06/2021 27/06/2021 Books
                                                                           
web counter

Copyright ©2020 The National Library of India, Govt. of India ↔ Hosted by NVLI, MOC ↔ Technology and Design by National Library of India, Ministry of Culture, Govt. of India